| Registos Bibliográficos associados ao registo de autoridade |
|
Etiqueta de registo: 00254nam 2200025 450 001 2288549 003 http://id.bnportugal.gov.pt/bib/catbnp/2288549 100 ## $a20260623d2022 k y0pory01030103ba 101 0# $apor$deng 102 ## $aPT 105 ## $aa m 001yy 106 ## $ar 200 1# $a2"a 8" do movimento ao objeto corpóreo$ecomo pode o fotográfico dar corpo ao movimento?$fOctávio Manuel Rodrigues Alcântara$gorient. Catarina Isabel Grácio de Moura, Marta Alexandra da Costa Frade 210 #9 $aLisboa$c[s.n.],$d2022 215 ## $aXIII, 215 p.$cil.$d30 cm 328 #1 $aTese dout. Belas-Artes (Arte Multimédia), Faculdade de Belas-Artes da Universidade
de Lisboa, 2022 675 ## $a77.034(043)$vBN$zpor$32002248 675 ## $a7.038.5(043)$vBN$zpor$31221253 700 #1 $aAlcântara,$bOctávio Manuel Rodrigues$32001339 702 #1 $aMoura,$bCatarina Grácio de$4727$31996783 702 #1 $aFrade,$bMarta Alexandra da Costa$4727$31757856 801 #0 $aPT$bBN$gRPC 966 ## $lBN$mFGMON$sB.A. 53893 V.$x1 971 ## $cisantos$d20260623 973 ## $ctrodrigues$d20260701
|
|
|